| 000 | 00979nam a2200193 i 4500 | ||
|---|---|---|---|
| 001 | 162918 | ||
| 003 | ES-MaACL | ||
| 005 | 20230906212629.0 | ||
| 008 | 990903s1882 uy |||| | spa d | ||
| 100 | 1 |
_aRamírez, Carlos María. _9131596 |
|
| 245 | 1 | 0 |
_aInforme acerca del Congreso Pedagógico Internacional Americano de Buenos-Aires _b: 1882 / _cpresentado a la Comisión Directiva de la "Sociedad de Amigos de la Educación Popular" de Montevideo por Carlos M. Ramírez, Carlos M. de Pena y F.A. Berra. |
| 260 |
_aMontevideo : _b[s.n.], _c1882 ( _fImp. y Encuadernación de Rius y Becchi) |
||
| 300 |
_a168 p. ; _c26 cm. |
||
| 510 | 4 |
_aPalau, _ct. XV, 246677 |
|
| 611 | 2 | 4 |
_aCongreso Pedagógico Internacional ( _n1º. _d1882. _cBuenos Aires) _9570 |
| 700 | 1 |
_aPena, Carlos María de. _990135 |
|
| 700 | 1 |
_aBerra, F. A. _928368 |
|
| 852 |
_aES-MaACL _jT-451-F-4 _z- Enc. hol., falto de cub. original _z. - Dedicatoria al Ateneo de A. Gómez Ruano? _z- Enc. en un vol. facticio |
||
| 999 |
_c162918 _d162918 |
||